Politikai kommunikáció és marketing a 2024-es európai parlamenti választásokon A mandátumot nyert pártok stratégiáinak vizsgálata

Bibliográfiai részletek
Szerző: Kun Klaudia Julianna
További közreműködők: Boros András
Gyene Dr. Pál István
Dokumentumtípus: Diplomadolgozat
Kulcsszavak:Európai Parlament
Európai Unió
online marketing
választás
választási kampány
Online Access:http://dolgozattar.uni-bge.hu/59168

MARC

LEADER 00000nta a2200000 i 4500
001 dolg59168
005 20251027143059.0
008 251027suuuu hu om 000 hun d
040 |a BGE Dolgozattár Repozitórium  |b hun 
041 |a hu 
100 1 |a Kun Klaudia Julianna 
245 1 0 |a Politikai kommunikáció és marketing a 2024-es európai parlamenti választásokon  |b A mandátumot nyert pártok stratégiáinak vizsgálata  |c Kun Klaudia Julianna  |h [elektronikus dokumentum] 
520 3 |a A célom ezzel a dolgozattal az, hogy az olvasó betekintéstnyerjen az online politikai kommunikáció színfalai mögé, és a 4, a 2024-es európai parlamenti választásokon mandátumot szerzett párt stratégiáiról lerántsuk a leplet. A digitális térnyerés új dimenziót nyitott a politikai kommunikációban, az új platformok és a rövid videós tartalmak megjelenésével új szintre emelkedett az online politikai kommunikáció. A téma talán aktuálisabb, mint valaha, így arra vállalkozom, hogy a kutatási kérdéseim kvalitatív elemzésével, majd megválaszolásával mélyebb betekintést nyerjünk abba,hogy hogyan vált a közösségi média eszközből önálló politikai térré, és milyen módon hasznosították ezt az Európai Parlamentbe került magyar pártok. 
695 |a Európai Parlament 
695 |a Európai Unió 
695 |a online marketing 
695 |a választás 
695 |a választási kampány 
700 1 |a Boros András  |e ths 
700 1 |a Gyene Dr. Pál István  |e ths 
856 4 0 |u http://dolgozattar.uni-bge.hu/59168/1/KunKlaudiaJulianna_Szakdolgozat_2025.pdf  |z Dokumentum-elérés 
856 4 0 |u http://dolgozattar.uni-bge.hu/59168/2/doc03502020250505131030.pdf  |z Dokumentum-elérés 
856 4 0 |u http://dolgozattar.uni-bge.hu/59168/3/K%C3%BCls%C5%91%20konzulensi%20b%C3%ADr%C3%A1lat%20.pdf  |z Dokumentum-elérés 
856 4 0 |u http://dolgozattar.uni-bge.hu/59168/4/Kun%20Klaudia.pdf  |z Dokumentum-elérés